| 000 | 00430cam a2200169ua 4500 | ||
|---|---|---|---|
| 001 | 5304 | ||
| 008 | 120812n ii |||gr||||Z||||||eng | ||
| 040 | _cMAIN | ||
| 082 | _a821 | ||
| 100 |
_aMullik, B. R., _eAuthor, |
||
| 245 | 1 | 1 |
_aLiterary of poetry : _bLiterary essays Vol III / _cby B. R. Mullik . |
| 250 | _a1st. | ||
| 260 |
_aNew Delhi: _bS. Chand & co. |
||
| 300 |
_a86p: _c15cm. |
||
| 653 | _aEnglish poetry | ||
| 942 | _cBK | ||
| 999 |
_c4485 _d4485 |
||